000 00451nam a2200181Ia 4500
001 22373
005 20260414150827.0
008 260414t2010||||xx |||||||||||||| ||spa||
041 _aESP
082 _a621.38
_bC247I
100 _aOdom, Wendell
_eAUT
245 0 _aCCNP route 642-902 :
_bofficial certification guide
260 _c2010
300 _axxxiv, 370 páginas :
_c24 cm.
650 _aTCA
654 _aCET
942 _cLIB
_dJUS
_fJUS
_2ddc
_n
999 _c22373
_d22373